Najludniejsze Państwa Europy - Dla Ignacego - Statystyki

Ogólne statystyki
  • Ten quiz został rozwiązany 1 427 razy
  • Średni wynik to 14 z 15
Statystyki odpowiedzi
Ludność Państwo % Poprawnych
146 mln Rosja
100%
82 mln Niemcy
99%
38 mln Polska
99%
59 mln Francja
98%
47 mln Hiszpania
98%
45 mln Ukraina
97%
61 mln Włochy
96%
58 mln Wielka Brytania
95%
10 mln Portugalia
91%
10 mln Czechy
88%
11 mln Grecja
87%
20 mln Rumunia
87%
16 mln Holandia
83%
11 mln Belgia
81%
9 mln Węgry
80%
Nie znaleziono quizów pasujących do podanych kryteriów
Rozkład punktacji
Procent ludzi z każdym wynikiem
Percentyl według liczby udzielonych odpowiedzi
Twoja historia wyników
Nie rozwiązałeś tego quizu